000
00317 a2200145 4500
001
154880
040
_c
Escola São Tomás de Aquino
100
_a
LUZ, Antônio Máximo da
240
1
0
_a
Curso de Física
_l
por
245
1
0
_a
Curso de Física
300
_a
336
362
0
_a
2005
697
_a
FÍSICA
942
_c
BK
999
_c
154880
_d
154880